000 00681nam a2200241Ia 4500
003 OSt
005 20220924122716.0
006 a|||||r|||| 00| 0
007 ta
008 220923b |||||||| |||| 00| 0 urd d
020 _c20.00
024 _a321221
037 _cTextual
040 _aARTS
_cARTS
_burd
041 _2urd
_aurd
082 _aQ7wM97, 168M2
100 _aNadvi Abul Hasan Ali Au.
_9187094
245 0 _aHazrat Shaikhul hadees Maulana Mohammad Zakaria
260 _aLucknow
_bMaktaba Islam India
_c1982
650 _aBIOGRAPHY
_92340
942 _hQ7wM97, 168M2
_cTEXL
_2CC
999 _c412754
_d412754